000 00592nam a22001817a 4500
003 OSt
008 260629b |||||||| |||| 00| 0 eng d
020 _a9781119874034
082 _a519.50285
_bC53M
100 _aChihara, Laura M.
245 _aMathematical Statistics with Resampling and R/ by Laura M. Chihara, Tim C. Hesterberg
250 _a3rd. ed.
260 _aChennai :
_bWiley,
_c2018.
300 _axvi, 555 p.
650 _aNatural sciences & mathematics | Probabilities & applied mathematics | Mathematical statistics
700 _aHesterberg , Tim C.
942 _2ddc
_cBK
999 _c52425
_d52425